000 00835cad a22002175a 4500
001 L149700
008 100413u2010 xxk g 000 0 eng d
020 _a9780717663927
035 _a(Sirsi) u149700
041 0 _aeng
050 _a690.22 $2 18
110 2 _aGreat Britain
_bHealth and Safety Executive
245 0 0 _aNotification of conventional tower cranes regulations 2010
_bguidance on complying with the regulations series code INDG437
_h[electronic resource]
260 _a[S.I.]
_bHSE
_c2010
520 _aNew tower crane regulations require that the HSE are notified when a conventional crane is installed on site.
590 _aKA
651 4 _aUnited Kingdom
_y
690 _aBUILT ENVIRONMENT
856 4 0 _uhttps://www.hse.gov.uk/pubns/indg437.pdf
_z View the website free of charge at www.hse.gov.uk
942 _n0
999 _c120844
_d120844